LEADER 01750nam 2200421Ia 450 001 996383593803316 005 20200824132913.0 035 $a(CKB)1000000000589887 035 $a(EEBO)2240874456 035 $a(OCoLC)ocm18676874e 035 $a(OCoLC)18676874 035 $a(EXLCZ)991000000000589887 100 $a19881027d1658 uy | 101 0 $aeng 135 $aurbn||||a|bb| 200 14$aLes provinciales, or, The mystery of Jesvitisme$b[electronic resource] $ediscovered in certain letters, written upon occasion of the present differences at Sorbonne between the Jansenists and the Molinists : displaying the pernicious maximes of the late Casuists 205 $aThe second edition corrected,$bwith large Additionals. 210 $aLondon $cPrinted for Richard Royston ...$d1658 215 $a[24], 359, [3], 147, [6] p., [1] folded leaf of plates $cport 300 $aTranslation of Pascal's Les provinciales. 300 $a"Additionals to The mystery of Iesvitisme" has special t.p. and separate paging, with imprint: London : Printed for Richard Royston, 1658. 300 $aIncludes engraved frontispiece portrait of Ignatious Loyola. 300 $aErrata: p. [3] at end. 300 $aAdvertisements: p. [4]-[6] at end. 300 $aReproduction of the original in the Huntington Library. 320 $aIncludes bibliographical references and index. 330 $aeebo-0113 606 $aJansenists 607 $aPort Royal (France) 615 0$aJansenists. 700 $aPascal$b Blaise$f1623-1662.$028760 801 0$bEAI 801 1$bEAI 801 2$bWaOLN 906 $aBOOK 912 $a996383593803316 996 $aLes provinciales, or, The mystery of Jesvitisme$91886631 997 $aUNISA